000 00291nam a22001337a 4500
008 170405b xxu||||| |||| 00| 0 eng d
020 _a9781878379580
041 _aeng
080 _a574
100 _a9
101 _aSHM
245 _aMANAGING GLOBAL CHAOS
_cCROCKER, CH.A
942 _2udc
_cBK
999 _c9688
_d9688